000 00245nam a22000857a 4500
999 _c11035
_d11035
008 180801b ||||| |||| 00| 0 eng d
100 _aGriesbach, Heinz
_96819
245 _aDEUTSCHE SPRACHLEHRE FUR AUSLANDER
260 _aChennai
_bUdhayam Offsets
_c2003